La erradicación de la pobreza crítica en América Latina y el Caribe
Spremljeno u:
| Autor kompanije: | |
|---|---|
| Format: | Tekst |
| Izdano: |
s.l.:
UNESCO
|
| Oznake: |
Dodaj oznaku
Bez oznaka, Budi prvi tko označuje ovaj zapis!
|
MARC
| LEADER | 00000 a a2200000 04500 | ||
|---|---|---|---|
| 001 | 24206 | ||
| 003 | |||
| 040 | |||
| 090 | |a 171600 | ||
| 110 | |a UNESCO | ||
| 245 | |a La erradicación de la pobreza crítica en América Latina y el Caribe | ||
| 260 | |a s.l.: |b UNESCO | ||
| 300 | |a 46 p. | ||
| 999 | |c 17086 |d 17086 | ||
